JAKIE NAPOJE PIJEMY NA CIEPŁO? - Statystyki

Ogólne statystyki
  • Ten quiz został rozwiązany 138 razy
  • Średni wynik to 3 z 6
Statystyki odpowiedzi
Odpowiedź % Poprawnych
KAKAO
81%
HERBATĘ
61%
KAWĘ
61%
GRZANIEC
39%
CZEKOLADĘ
35%
KOMPOT
24%
Nie znaleziono quizów pasujących do podanych kryteriów
Rozkład punktacji
Procent ludzi z każdym wynikiem
Percentyl według liczby udzielonych odpowiedzi
Twoja historia wyników
Nie rozwiązałeś tego quizu